| 000 | 00443nam a2200145Ia 4500 | ||
|---|---|---|---|
| 008 | 181023s9999 xx 000 0 und d | ||
| 020 | _a9781260092995 | ||
| 100 | _aJones, Gareth R. | ||
| 245 |
_cGareth R. Jones, Jennifer M. George.-- _aEssentials of contemporary management / |
||
| 250 | _a8th ed | ||
| 260 |
_aNew York : _bMcGraw Hill _c2019 |
||
| 300 | _axxix, 513 pages. | ||
| 500 | _aIncludes glosary and index. | ||
| 650 | _aManagement. | ||
| 999 |
_c359322 _d359322 |
||